Movies Quiz

Random Movies or Clickable Quiz

4 Movies, 1 Thing in Common Quiz Stats

Quiz Updated Dec 11, 2015

Challenge
Share
Tweet
Embed
Score 0/15 Timer 04:00
0 Plays Today
% Correct
A main character owns a dog
92.9%
Mostly set at sea
90.6%
Has a wedding scene
89.2%
People see dead people
89%
Takes place at Christmas
88%
Stars Tom Hanks
87.5%
Are all Stephen King adaptations
84%
Set in New York
83%
% Correct
There is a group of kids
81.3%
The cast includes a 'Game of Thrones' star
79.8%
The lead has drink or drug problem
75.4%
Features a renowned car chase
75.4%
A character is wrongfully accused
74.6%
Has a card game scene
73.8%
The movie plays out in a single day
64.7%

You're not logged in!

Compare scores with friends on all Sporcle quizzes.
Sign Up with Email
OR
Log In

You Might Also Like...

Show Comments

Extras

Top Quizzes Today


Score Distribution

Your Account Isn't Verified!

In order to create a playlist on Sporcle, you need to verify the email address you used during registration. Go to your Sporcle Settings to finish the process.